| 000 | 00668nam a2200241Ia 4500 | ||
|---|---|---|---|
| 003 | OSt | ||
| 005 | 20220928125051.0 | ||
| 006 | a|||||r|||| 00| 0 | ||
| 007 | ta | ||
| 008 | 220927b |||||||| |||| 00| 0 eng d | ||
| 024 | _a71861 | ||
| 037 | _cTextual | ||
| 040 |
_aSDCL _cSDCL _beng |
||
| 041 |
_2eng _aeng |
||
| 082 | _aD65,45, L4 | ||
| 100 | _aWilliams Raymond | ||
| 245 | 0 |
_aTelevision _b Technology and cultural form .Ed by Ederym Williams. |
|
| 260 |
_aLondon _bRoutledge Classics _c1974 |
||
| 300 |
_axvii,172p _ccm. |
||
| 650 |
_aTelevision _9467879 |
||
| 942 |
_hD65,45, L4 _cTEXL _2CC |
||
| 999 |
_c780778 _d780778 |
||